00978nac a22002411u 4500010001700000020002800017082001300045090001500058100003400073245003600107250001200143260004700155300006900202500004100271504005100312511002800363650001500391856009100406856009200497942001500589999001500604952011700619 a 2005043868 a007297883X (alk. paper)00a330bCOL c8936d8936 aColander, David C. 10aEconomics /cDavid C. Colander. a6th ed. aBoston :bMcGraw-Hill/Irwin,c2006.cc2006. a1 v. (various paging) :bill. (chiefly col.), col. map ;c27 cm. aDistributer: Dar Fathi Mohamed Taha. aIncludes bibliographical references and index. aCatalogued By: Mahitab. 0aEconomics.423Publisher descriptionuhttp://www.loc.gov/catdir/enhancements/fy0702/2005043868-d.html423Table of contents onlyuhttp://www.loc.gov/catdir/enhancements/fy0702/2005043868-t.html cBBk330COL c8936d8936 00104070aMAINbMAINc1STd2008-03-31ePurchasel1m21o330COLp000010851r2025-07-15 00:00:00s2019-02-13yBB